Catálogo
 En Linea

Psiquiatría biológica latinoamericana / (Registro nro. 23533)

Detalles MARC
000 -CABECERA
campo de control de longitud fija 00888nam a2200253 a 4500
001 - NÚMERO DE CONTROL
campo de control 000024038
005 - FECHA Y HORA DE LA ÚLTIMA TRANSACCIÓN
campo de control 20200930022650.0
008 - DATOS DE LONGITUD FIJA--INFORMACIÓN GENERAL
campo de control de longitud fija 110118s1994 ag 000 0 spa d
020 ## - NÚMERO INTERNACIONAL ESTÁNDAR DEL LIBRO
Número Internacional Estándar del Libro 9508530103
040 ## - FUENTE DE LA CATALOGACIÓN
Centro catalogador/agencia de origen DO-SdBNP
Lengua de catalogación spa
Centro/agencia transcriptor BNPHU
082 ## - NÚMERO DE LA CLASIFICACIÓN DECIMAL DEWEY
Número de clasificación xxxx
Número de documento/Ítem xxxxx
049 ## - FONDOS LOCALES (OCLC)
Fondos de biblioteca BNGR
245 00 - MENCIÓN DE TÍTULO
Título Psiquiatría biológica latinoamericana /
Mención de responsabilidad, etc. Oscar Boullosa...[et al.] ; compiladores de Roberto Fernández Labriola, Héctor Puppo Touriz y Guillermo Caetano Esquivel.
250 ## - MENCIÓN DE EDICIÓN
Mención de edición 2a ed.
260 ## - PUBLICACIÓN, DISTRIBUCIÓN, ETC.
Lugar de publicación, distribución, etc. Buenos Aires :
Nombre del editor, distribuidor, etc. Cangrejal Editores,
Fecha de publicación, distribución, etc. 1994.
300 ## - DESCRIPCIÓN FÍSICA
Extensión v. ;
Dimensiones 21 cm.
490 1# - MENCIÓN DE SERIE
Mención de serie Cangrejal PSI.
-- FLAPB
Designación de volumen o secuencia 2
505 0# - NOTA DE CONTENIDO CON FORMATO
Información miscelánea T. 1.
700 1# - PUNTO DE ACCESO ADICIONAL--NOMBRE DE PERSONA
Nombre de persona Boullosa, Oscar
9 (RLIN) 49386
700 1# - PUNTO DE ACCESO ADICIONAL--NOMBRE DE PERSONA
Nombre de persona Fernández Labriola, Roberto.
Término indicativo de función/relación comp.
9 (RLIN) 49387
700 1# - PUNTO DE ACCESO ADICIONAL--NOMBRE DE PERSONA
Nombre de persona Puppo Touriz, Héctor
Término indicativo de función/relación comp.
9 (RLIN) 49388
700 1# - PUNTO DE ACCESO ADICIONAL--NOMBRE DE PERSONA
Nombre de persona Caetano Esquivel, Guillermo
Término indicativo de función/relación comp.
9 (RLIN) 49389
830 #0 - PUNTO DE ACCESO ADICIONAL DE SERIE-TÍTULO UNIFORME
Título uniforme Cangrejal PSI
Nombre de parte o sección de la obra FLAPB
Designación de volumen o secuencia v. 2
9 (RLIN) 49390
Existencias
Estado de retiro Estado de pérdida Restricciones de uso No para préstamo Código de colección Localización permanente Ubicación/localización actual Ubicación en estantería Fecha de adquisición Número de inventario Total de préstamos Signatura topográfica completa Código de barras Fecha visto por última vez Precio válido a partir de Tipo de ítem Koha
        Monografías: Libros y Folletos General General En catalogación 18.01.2011 LF1   v.1 24038-10 25.06.2020 25.06.2020 Préstamo en sala
        Monografías: Libros y Folletos General General En catalogación 24.01.2012 LF1   v.1, e. 2 24038-20 25.06.2020 25.06.2020 Préstamo en sala
        Monografías: Libros y Folletos General General En catalogación 24.01.2012 LF1   v.1, e. 3 24038-30 25.06.2020 25.06.2020 Préstamo en sala

Con tecnología Koha